GETS Theological Seminary Library

Apocalypticism and Mysticism in Ancient Judaism and Early Christianity (Record no. 49869)

MARC details
000 -LEADER
fixed length control field 01550nam a2200205Ia 4500
008 - FIXED-LENGTH DATA ELEMENTS--GENERAL INFORMATION
fixed length control field 231021s9999 xx 000 0 und d
020 ## - INTERNATIONAL STANDARD BOOK NUMBER
International Standard Book Number 9783110591835 3110591839
041 ## - LANGUAGE CODE
Language code of text/sound track or separate title eng
050 ## - LIBRARY OF CONGRESS CALL NUMBER
Classification number BL503
Item number .A66 2018
245 #0 - TITLE STATEMENT
Title Apocalypticism and Mysticism in Ancient Judaism and Early Christianity
Remainder of title /
Statement of responsibility, etc. edited by John J. Collins, Pieter G. R. de Villiers and Adela Yarbro Collins
260 ## - PUBLICATION, DISTRIBUTION, ETC.
Place of publication, distribution, etc. Boston :
Name of publisher, distributor, etc. De Gruyter,
Date of publication, distribution, etc. 2018
300 ## - PHYSICAL DESCRIPTION
Extent 219 p.
Other physical details ;
Dimensions 25 cm.
490 ## - SERIES STATEMENT
Series statement Ekstasis: Religious Experience from Antiquity to the Middle Ages
Volume/sequential designation 7
505 ## - FORMATTED CONTENTS NOTE
Formatted contents note Introduction -- Apocalypses and mystical texts: investigating prolegomena and the state of affairs / Pieter G.R. de Villiers -- Is there mysticism in the Dead Sea Scrolls? / John J. Collins -- Paul, Jewish mysticism, and Spirit possession / Adela Yarbro Collins -- "Mystical" traditions in an apocalyptic text? : the throne vision of Revelation 4 within the context of Enochic and Merkavah texts / Jörg Frey -- Ascent and inspiration in the writings of Philo Judaeus / Jack Levison -- Dancing with the stars : the ascent of the mind in Philo of Alexandria / Gregory E. Sterling -- Journeys towards fullness of life : a comparison between Philo and the Apocalypse of John / Paul B. Decock -- Bibliography -- Index.
650 ## - SUBJECT ADDED ENTRY--TOPICAL TERM
Topical term or geographic name entry element Mysticism. Judaism -- History -- Post-exilic period, 586 B.C.-210 A.D. Church history --Primitive and early church, ca. 30-600.
700 ## - ADDED ENTRY--PERSONAL NAME
Personal name Collins, Adela Yarbro
700 ## - ADDED ENTRY--PERSONAL NAME
Personal name Collins, John J.
700 ## - ADDED ENTRY--PERSONAL NAME
Personal name de Villiers, Pieter G. R.
Holdings
Withdrawn status Lost status Damaged status Not for loan Home library Current library Shelving location Date acquired Total Checkouts Full call number Barcode Date last seen Price effective from Koha item type
        GETS Theological Seminary Library GETS Theological Seminary Library   11/13/2023   BL503 .A66 2018 00031490 11/13/2023 11/13/2023 English Books
OpacCredits

Contact the Librarian, GETS Library
Email: library@mygets.org









Implemented by GETS Library
(Powered by ETCA Professional Group)
GETS Theological Seminary
412 E. Rowland Street, CA 91723